000 00812nam a22002297a 4500
005 20250520120045.0
008 250520b |||||||| |||| 00| 0 eng d
020 _a978-1-3502-7198-2 (pbk)
037 _cTB
040 _aCRL
_cCRL
041 _2eng
_aeng
084 _aQ:(∆).6 R3
_qCRL
100 _aFalola, Toyin
_9784529
245 _aAfrican spirituality politics and knowledge systems:
_bSacred words and holy realms
260 _aLondon, UK:
_bBloomsbury Academic,
_c2023.
300 _ax, 287p.
365 _b28.99
_cUKP
490 _aBloomsbury studies in black religion and cultures, (Editor) Anthony B. Pinn
650 _2Spirituality
942 _2CC
_cTB
_hQ:(∆).6 R3
_n0
999 _c1428872
_d1428872